[Event "FRA-chT2S"]
[Site "France"]
[Date "1997.??.??"]
[Round "3"]
[White "Dunis, Aurelien"]
[Black "Volpe, Maxence"]
[Result "1-0"]
[WhiteElo "1980"]
[BlackElo "1990"]
[PlyCount "79"]
[EventDate "1997.??.??"]
[EventType "team"]
[EventRounds "9"]
[EventCountry "FRA"]
[SourceTitle "EXT 2007"]
[Source "ChessBase"]
[SourceDate "2006.11.23"]
[SourceVersion "1"]
[SourceVersionDate "2006.11.23"]
[SourceQuality "1"]
[WhiteTeam "Nice Alekhine"]
[BlackTeam "La Ciotat"]
[WhiteTeamCountry "FRA"]
[BlackTeamCountry "FRA"]

1. b3 d5 2. Bb2 Bf5 3. e3 e6 4. f4 Nf6 5. Nf3 Nbd7 6. Be2 h5 7. 0-0 h4 8. a3 Bc5 9. Nc3 a6 10. b4 Ba7 11. Nd4 Bxd4 12. exd4 Qe7 13. d3 0-0-0 14. b5 a5 15. Qd2 Rdg8 16. Na4 b6 17. Rac1 g5 18. fxg5 Ne8 19. Bf3 Rxg5 20. c4 dxc4 21. Rxc4 Nd6 22. Rcc1 Rhg8 23. Rf2 Nxb5 24. Nxb6+ Nxb6 25. Qxa5 Bxd3 26. Qxb6 Qd6 27. Qb7+ Kd8 28. a4 Rxg2+ 29. Rxg2 Rxg2+ 30. Bxg2 Nxd4 31. Bxd4 Qxd4+ 32. Kh1 h3 33. Qxc7+ Ke8 34. Bc6+ Kf8 35. Qb8+ Kg7 36. Qg3+ Kf8 37. Qxh3 Be4+ 38. Bxe4 Qxe4+ 39. Qg2 Qxa4 40. Rg1 1-0